000 01403nas a2200193 i 4500
001 768714001
003 CO-MdFUSB
005 20221004160051.0
008 221004s2013 sp ||||| |||| 00| 0 spa d
040 _bspa
_cCO-MdFUSB
_dCO-MdFUSB
041 _aspa
100 _aQuero Moreno, Juan Manuel,
_eautor
245 1 3 _aLa aportación protestante al sistema educativo de España :
_bJohann Heinrich Pestalozzi
_c/ Juan Manuel Quero Moreno
300 _aVolumen 1.2, (otoño 2013), páginas 89 - 113
_c; 23 cm
520 _aCuando hablamos de protestantismo no solamente hablamos de un tipo de confesión religiosa, sino que tratamos de la vida de un "pueblo", de un modus vivendi, en el que el Evangelio es base fundamental para convivir. Con la misma Reforma del siglo XVI, se entendió necesario que todos pudieran, no solo leer la Biblia, sino entenderla, formulándose un método educativo adecuado, una "pedagogía de la Reforma". En la historia contemporánea de España ocurría algo similar, de tal manera, que el impulso de una pedagogía nueva y vanguardista se debería al esfuerzo protestante, a pesar de los obstáculos que les imponían.
650 0 _9984
_aEducación
773 0 _068242
_981335
_aFacultad Protestante de Teología UEBE
_oR2121
_tRevista Protestante de Teología
_w(CO-MdFUSB)768714001
_x2340-1265
_gVolumen 1.2, (otoño 2013), páginas 89 - 113
_qpáginas 89
942 _cANA
999 _c68249
_d68249